| 000 | 01710nam a2200337Ia 4500 | ||
|---|---|---|---|
| 003 | OSt | ||
| 005 | 20200909231835.0 | ||
| 008 | 191128s2015 ck ad fr 000 0 spa d | ||
| 020 | _a9789584244239 | ||
| 040 |
_aCO-JMCR _cCO-JMCR |
||
| 041 | 0 | _aspa | |
| 082 | 0 | 4 |
_a364.153 / _bF175v _223 |
| 100 | 1 |
_aFajardo Arturo, Luis Andrés, _eautor _93324 |
|
| 245 | 1 | 0 |
_aViolencia sexual : _bcomo crimen internacional perpetrado por las Farc / _cLuis Andrés Fajardo Arturo y Rosa Yineth Valoyes Valoyes ; con el apoyo de los investigadores, Jenny Cabarcas Cepeda, Héctor Castillo Rojas y Catalina Casas Rivera |
| 250 | _aPrimera edición | ||
| 260 |
_aBogotá : _bUniversidad Sergio Arboleda, _c2015 |
||
| 300 |
_a186 páginas : _bilustraciones y gráficos a color ; _c24 cm. |
||
| 490 | 0 | _aDerecho y conflicto | |
| 504 | _aBibliografía : páginas 181-186 | ||
| 505 | 0 | _aComponentes sociológicos del fenómeno de la violencia sexual perpetrado por las Farc -- Componente analítico de casos testimoniales de violencia sexual perpetrada por las Farc -- Acciones derivadas de la violencia sexual en el marco del conflicto armado | |
| 650 | 1 | 4 |
_aAtrocidades _xFuerzas Armadas Revolucionarias de Colombia _910104 |
| 650 | 1 | 4 |
_aCrímenes de lesa humanidad _910105 |
| 650 | 1 | 4 |
_aVíctimas de abuso sexual _xmujeres _zColombia _910106 |
| 650 | 1 | 4 |
_aViolencia contra la mujer _zColombia _910107 |
| 650 | 1 | 4 |
_aConflicto armado _zColombia _98340 |
| 700 | 1 |
_aValoyes Valoyes, Rosa yineth, _eautora _910108 |
|
| 700 | 1 |
_aCabarcas Cepeda, Jenny, _einvestigadora _910109 |
|
| 700 | 1 |
_aCastillo Rojas, Héctor, _einvestigador _910110 |
|
| 700 | 1 |
_aCasas Rivera, Catalina, _einvestigadora _910111 |
|
| 942 |
_2ddc _cBK |
||
| 999 |
_c6307 _d6307 |
||